20 pays les moins peuplés - Statistiques

Statistiques générales
  • Ce quiz a été pris 80 fois
  • Le résultat moyen est 15 sur 20
Statistiques - réponses
Pop. Pays % Correct
500 Vatican
94%
40 000 Liechtenstein
92%
81 000 Andorre
91%
38 000 Monaco
91%
33 000 Saint-Marin
91%
100 000 Saint-Vincent-et-G.
77%
12 000 Nauru
76%
180 000 Sainte-Lucie
74%
9500 Tuvalu
74%
103 000 Tonga
73%
36 000 Îles Marshall
72%
46 000 St-Christophe-et-N.
71%
219 000 Samoa
68%
113 000 E.F. de Micronésie
67%
94 000 Antigua-et-Barbuda
65%
66 000 Dominique
65%
117 000 Grenade
65%
17 000 Palaos
64%
130 000 Seychelles
62%
132 000 Kiribati
59%
Aucun quiz correspondant
Distribution des résultats
% des personnes avec chaque résultat
Percentile par nombre de réponses
Votre historique - résultats
Vous n’avez pas pris ce quiz